000 01382nam a2200349 a 4500
001 ebr10067481
003 CaPaEBR
006 m u
007 cr cn|||||||||
008 020511s2002 ne a sb 001 0 eng
010 _z 2002280748
015 _aGBA2-Y7970
020 _z1402004672 (acid-free paper)
040 _aCaPaEBR
_cCaPaEBR
035 _a(OCoLC)614697284
050 1 4 _aQC173.4.A87
_bR38 2002eb
082 0 4 _a539/.1
_221
100 1 _aRau, A. R. P.
_q(A. Ravi P.)
245 1 0 _aAstronomy-inspired atomic and molecular physics
_h[electronic resource] /
_cby A.R.P. Rau.
260 _aDordrecht ;
_aBoston :
_bKluwer Academic,
_cc2002.
300 _axi, 241 p. :
_bill.
490 1 _aAstrophysics and space science library ;
_vv. 271
504 _aIncludes bibliographical references (p. 229-232) and index.
533 _aElectronic reproduction.
_bPalo Alto, Calif. :
_cebrary,
_d2013.
_nAvailable via World Wide Web.
_nAccess may be limited to ebrary affiliated libraries.
650 0 _aAtomic structure.
650 0 _aMolecular structure.
650 0 _aElectromagnetic fields.
655 7 _aElectronic books.
_2local
710 2 _aebrary, Inc.
830 0 _aAstrophysics and space science library ;
_vv. 271.
856 4 0 _uhttp://site.ebrary.com/lib/rucke/Doc?id=10067481
_zAn electronic book accessible through the World Wide Web; click to view
999 _c49179
_d49179